Normal view MARC view
  • Applied linguistics and language study

Entry Uniform Title

Number of records used in: 5

001 - CONTROL NUMBER

  • control field: 1448

003 - CONTROL NUMBER IDENTIFIER

  • control field: NUST

005 - DATE AND TIME OF LATEST TRANSACTION

  • control field: 20170525154113.0

008 - FIXED-LENGTH DATA ELEMENTS

  • fixed length control field: 170525|| aca||aabn | a|a d

040 ## - CATALOGING SOURCE

  • Original cataloging agency: NUST
  • Transcribing agency: NUST

130 ## - HEADING--UNIFORM TITLE

  • Uniform title: Applied linguistics and language study

670 ## - SOURCE DATA FOUND

  • Source citation: Work cat.: (NUST)24149: Coulthard, Malcolm. 1447, An introduction to discourse analysis /, 1985 printing, c1977.
© 2023 Central Library, National University of Sciences and Technology. All Rights Reserved.